000 00578nam a22001817a 4500
005 20240829111701.0
008 240829b |||||||| |||| 00| 0 eng d
020 _a0-75255-470-0
082 _bPHI-G
_a712.6
100 _aPhilips, Barty
245 _aGraden Design :
_bThe Essential reference guide for all aspects of Gradening /
_cby Barty, Philips and Andrew Newton Cox (Photoghrapher)
260 _aChina :
_bParagon ;
_c2000.
300 _a256 p. :
_bill ;
_c27 cm .
500 _aInclude Index.
650 _aArgiculture
700 _aNewton-Cox, Andrew
999 _c36493
_d36493